000 02552nam0a2200469 4500
001 RU\NLR\bibl\1772794
005 20260405234746.0
010 _a978-5-91441-030-5
_9300
021 _aRU
_b2011-32723
_92334
035 _a(nilc)RSL-KNO-004938536
035 _aLIBNET\0000076406
035 _a(LIBNET)LIBNET\0000118271
035 _a(NLR Aleph) 001763573
090 _a1593574
_c1593574
100 _a20110411d2010 |||y0rusy50 ca
101 0 _arus
_deng
102 _aRU
105 _aa |||||||||
200 1 _aСостояние здоровья населения в местах компактного проживания коренных малочисленных народов Севера Якутии
_dThe health status of people living in areas of compact residing of small in numbers people of the North of Yakutia
_fТ.Е. Бурцева, Т.Е. Уварова
_gпод ред. проф. М.И. Томского
_gРос. акад. мед. наук, Сиб. отд-ние, Якут. науч. центр комплек. мед. пробл.
_zeng
210 _aЯкутск
_cООО "Компания "Дани Алмас"
_d2010
215 _a175, [1] с.
_cцв. ил., карт.
_d20
300 _aАвт. также на англ. яз.: T.E. Burtseva, T.E. Uvarova
300 _aРез. на англ. яз.
320 _aБиблиогр.: с. 160-176 (210 назв.)
510 0 _6z77790
_aThe health status of people living in areas of compact residing of small in numbers people of the North of Yakutia
_zeng
606 1 _aЗдоровье
_yСаха (Якутия), Республика
_92180020
_3RU\NLR\auth\661311024
686 _aР11(2)027Народы Севера Якутии,0
_2rubbk
686 _aР11(2)09(2Р54-6Я)
700 1 _4070
_8rus
_7ca
_aБурцева
_bТ. Е.
_gТатьяна Егоровна
_3RU\NLR\auth\77108391
_991316
701 1 _4070
_8rus
_7ca
_aУварова
_bТ. Е.
_gТатьяна Егоровна
_3RU\NLR\auth\77108393
_991318
790 1 _4070
_8rus
_7ba
_aBurceva
_bT. E.
_gTat'jana Egorovna
_3RU\NLR\auth\77108392
_991317
790 1 _4070
_8rus
_7ba
_aUvarova
_bT. E.
_gTat'jana Egorovna
_3RU\NLR\auth\77108394
_991319
801 0 _aRU
_bАгентство CIP НБР Саха
_c20110411
_grcr
801 1 _aRU
_bАгентство CIP НБР Саха
_c20110411
801 2 _aRU
_bНБР Саха
_c20110525
_grcr
801 1 _aRU
_bРГБ
_c20110411
801 2 _aRU
_bNLR
_c20110524
_grcr
830 _aавт. по кн.
942 _cBOOK
980 _aNB
980 _aNBR